El Archivo Histórico de la Cámara de Comercio de Castellón: una descripción multinivel / Eva Alcón Sornichero .. [et al.] una descripción multinivel / Eva Alcón Sornichero .. [et al.]

por Alcón Sornichero, Eva

ISBN: 84-95931-16-8
Descripción Física: 248 p. : quadres ; 23 cm

MARC

LEADER 00000nam a2200000Ia 4500
001 18137
008 160829s2005 xx 000 0 cat d
020 |a 84-95931-16-8 
080 |a A-2-259 
100 |a Alcón Sornichero, Eva  |9 22290 
245 |a El Archivo Histórico de la Cámara de Comercio de Castellón:  |b  una descripción multinivel / Eva Alcón Sornichero .. [et al.] 
260 |a Castellón :  |b Cámara Oficial de Comercio, Industria y Navegación,  |c 2005 
300 |a 248 p. :  |b  quadres ;  |c 23 cm 
590 |a Bibliografia 
650 |a Archivo Histórico de la Cámara de Comercio de Castellón  |x Catàlegs  |9 22291 
901 |a Arxiu 
942 |n 1 
952 |0 0  |1 0  |4 0  |6 A2259  |7 1  |9 42159  |a Arxiu  |b Arxiu  |d 2016-12-01  |l 0  |o A-2-259  |p 18137  |r 2016-12-01 00:00:00  |w 2016-12-01  |y ARXIU 
999 |c 44606  |d 44606